[Event "Cheliabinsk Shusharin Memorial Rapid"]
[Site "Cheliabinsk"]
[Date "2023.11.15"]
[Round "5"]
[White "Nogerbek, Kazybek"]
[Black "Vozmilov, Lev"]
[Result "1-0"]
[WhiteElo "2483"]
[BlackElo "1960"]
[PlyCount "159"]
[EventDate "2023.11.15"]
[EventType "swiss (rapid)"]
[EventRounds "11"]
[EventCountry "RUS"]
[SourceTitle "CB47_2023"]
[SourceDate "2023.11.22"]
[SourceVersion "1"]
[SourceVersionDate "2023.11.22"]
[SourceQuality "1"]

1. d4 Nf6 2. c4 e6 3. Nf3 d5 4. Nc3 Nbd7 5. cxd5 exd5 6. Bg5 c6 7. e3 h6 8. Bh4 g5 9. Bg3 Nh5 10. Bd3 Nxg3 11. hxg3 Qe7 12. Qc2 Bg7 13. 0-0-0 Nf6 14. Ne5 Ng4 15. Nxg4 Bxg4 16. Rde1 0-0-0 17. Bf5+ Bxf5 18. Qxf5+ Kb8 19. g4 Rd6 20. Kb1 Re8 21. Rc1 Rf6 22. Qc2 Qd7 23. Qe2 Rf4 24. Qc2 Rf6 25. Qe2 Rf4 26. Qd2 Rf6 27. f3 Rfe6 28. Rhe1 Bf8 29. a3 Bd6 30. Qd3 Bf4 31. Nd1 Qe7 32. Rc3 Ka8 33. Re2 Kb8 34. Qc2 Bc7 35. Rb3 Ka8 36. Rd2 Bb6 37. Ka2 Rh8 38. Rbd3 h5 39. gxh5 Rxh5 40. Re2 Bc7 41. Nc3 Rh8 42. e4 g4 43. exd5 Rxe2 44. Nxe2 gxf3 45. Rxf3 cxd5 46. Nc3 Qe6 47. Qf5 Bb6 48. Qxd5 Bxd4 49. Rxf7 Qxd5+ 50. Nxd5 a6 51. Nc7+ Kb8 52. Ne6 Be5 53. Nc5 Bd4 54. Rxb7+ Ka8 55. Rc7 Rh2 56. Ne6 Be5 57. Rc2 Ka7 58. Nc5 Rh6 59. Re2 Bd4 60. Re7+ Kb6 61. Re6+ Rxe6 62. Nxe6 Be5 63. b4 a5 64. Kb3 axb4 65. Kxb4 Bd6+ 66. Kb3 Be5 67. a4 Kc6 68. Kc4 Bg3 69. Nd4+ Kb6 70. Nb3 Kc6 71. Kd4 Kd6 72. Ke4 Kc6 73. Kf3 Be5 74. g4 Kd5 75. g5 Kc4 76. Ke4 Bg7 77. a5 Kb5 78. Kd5 Bc3 79. g6 Bg7 80. Ke4 1-0

[Event "Cheliabinsk Lozovatsky Memorial-A"]
[Site "Cheliabinsk"]
[Date "2023.01.28"]
[Round "2"]
[White "Vozmilov, Lev"]
[Black "Grachev, Alexey1111"]
[Result "0-1"]
[WhiteElo "2133"]
[BlackElo "2323"]
[PlyCount "122"]
[EventDate "2023.01.27"]
[EventType "swiss"]
[EventRounds "10"]
[EventCountry "RUS"]
[SourceTitle "CBM 212 Extra"]
[Source "ChessBase"]
[SourceDate "2023.03.31"]
[SourceVersion "1"]
[SourceVersionDate "2023.03.31"]
[SourceQuality "1"]

1. e4 c5 2. Nf3 e6 3. d4 cxd4 4. Nxd4 a6 5. Bd3 Bc5 6. Nb3 Ba7 7. Qe2 Ne7 8. c4 0-0 9. Nc3 Nbc6 10. Bf4 d6 11. 0-0 Nd4 12. Nxd4 Bxd4 13. Rac1 Nc6 14. Bb1 e5 15. Be3 Be6 16. Qd3 Bxe3 17. fxe3 Qg5 18. Nd5 h5 19. Qe2 Rac8 20. Qf2 h4 21. Kh1 Nb8 22. Bd3 Nd7 23. b4 g6 24. a3 Kg7 25. Qd2 Bxd5 26. exd5 f5 27. Rf2 Qe7 28. e4 fxe4 29. Rxf8 Rxf8 30. Bxe4 Rf4 31. Bf3 h3 32. c5 dxc5 33. bxc5 hxg2+ 34. Bxg2 Nxc5 35. d6 Qf6 36. Qd5 b6 37. d7 Rd4 38. d8Q Qxd8 39. Qxe5+ Qf6 40. Qb8 Qd6 41. Qa7+ Kh6 42. Rf1 Rd1 43. Qa8 Rxf1+ 44. Bxf1 a5 45. Qf3 Ne6 46. h3 Nf4 47. Qg3 Qe5 48. Qf2 Qd5+ 49. Kh2 Qd6 50. Qe3 Kh7 51. Kh1 Qc6+ 52. Kh2 Qc7 53. Kh1 b5 54. Qe4 Nh5 55. Kg1 Qc5+ 56. Kg2 Qxa3 57. Qb7+ Kh6 58. Qxb5 Qg3+ 59. Kh1 Qf2 60. Bg2 Nf4 61. Bb7 Ne2 0-1

[Event "Cheliabinsk Panchenko Memorial op-A"]
[Site "Cheliabinsk"]
[Date "2021.09.19"]
[Round "8"]
[White "Vozmilov, Lev"]
[Black "Marchuk, Rostislav"]
[Result "1-0"]
[WhiteElo "2006"]
[BlackElo "2165"]
[PlyCount "87"]
[EventDate "2021.09.13"]
[EventType "swiss"]
[EventRounds "10"]
[EventCountry "RUS"]
[SourceTitle "CBM 204 Extra"]
[Source "ChessBase"]
[SourceDate "2021.11.30"]
[SourceVersion "1"]
[SourceVersionDate "2021.11.30"]
[SourceQuality "1"]

1. e4 d6 2. d4 Nf6 3. Nc3 e5 4. Nf3 Nbd7 5. Bc4 Be7 6. 0-0 0-0 7. Re1 c6 8. a4 a5 9. h3 Nb6 10. Ba2 Nfd7 11. dxe5 dxe5 12. Be3 Qc7 13. Ng5 Nf6 14. Qe2 Bb4 15. Red1 h6 16. Nf3 Nbd7 17. Qc4 Ne8 18. Nh4 Kh7 19. Nf5 b6 20. Qe2 Nc5 21. Qh5 Nf6 22. Qh4 Ng8 23. Bc4 Be6 24. Bf1 Rfd8 25. Rdb1 Nb7 26. Ne2 Bf8 27. Kh1 g6 28. g4 gxf5 29. gxf5 Bc4 30. b3 Ba6 31. Ng3 Bxf1 32. Rxf1 Qe7 33. Qg4 Nf6 34. Qf3 Nc5 35. Rg1 Bg7 36. Nh5 Nxh5 37. Qxh5 Rd6 38. Rxg7+ Kxg7 39. Rg1+ Kh7 40. Bg5 Rf6 41. Qh4 Nd7 42. Bxh6 Qd6 43. Qh5 Rg6 44. Bf8+ 1-0

[Event "Cheliabinsk Panchenko Memorial op-A"]
[Site "Cheliabinsk"]
[Date "2021.09.16"]
[Round "4"]
[White "Vozmilov, Lev"]
[Black "Kotlyar, Kirill"]
[Result "0-1"]
[WhiteElo "2006"]
[BlackElo "2390"]
[PlyCount "66"]
[EventDate "2021.09.13"]
[EventType "swiss"]
[EventRounds "10"]
[EventCountry "RUS"]
[SourceTitle "CBM 204 Extra"]
[Source "ChessBase"]
[SourceDate "2021.11.30"]
[SourceVersion "1"]
[SourceVersionDate "2021.11.30"]
[SourceQuality "1"]

1. e4 c5 2. Nf3 e6 3. d4 cxd4 4. Nxd4 a6 5. Bd3 Qc7 6. 0-0 Nf6 7. Qe2 d6 8. a4 g6 9. f4 Bg7 10. Be3 0-0 11. Nd2 Nbd7 12. Kh1 b6 13. Bg1 Bb7 14. Ra3 Nc5 15. b4 Nxd3 16. cxd3 Rac8 17. b5 Nd7 18. bxa6 Bxa6 19. Nb5 Qc2 20. Qd1 d5 21. Nb3 dxe4 22. dxe4 Qxe4 23. Qxd7 Rfd8 24. Qa7 Rc2 25. Rf3 Bb7 26. N3d4 Bxd4 27. Nxd4 Rxd4 28. Bxd4 Qxd4 29. h3 Bxf3 30. Rxf3 Qd1+ 31. Kh2 Qxf3 32. Qb8+ Kg7 33. Qe5+ f6 0-1

[Event "Cheliabinsk Panchenko Memorial op-A"]
[Site "Cheliabinsk"]
[Date "2021.09.14"]
[Round "2"]
[White "Harutjunyan, Gevorg"]
[Black "Vozmilov, Lev"]
[Result "0-1"]
[WhiteElo "2419"]
[BlackElo "2006"]
[PlyCount "108"]
[EventDate "2021.09.13"]
[EventType "swiss"]
[EventRounds "10"]
[EventCountry "RUS"]
[SourceTitle "CBM 204 Extra"]
[Source "ChessBase"]
[SourceDate "2021.11.30"]
[SourceVersion "1"]
[SourceVersionDate "2021.11.30"]
[SourceQuality "1"]

1. e4 c5 2. Nf3 d6 3. d4 cxd4 4. Nxd4 Nf6 5. Nc3 a6 6. Qf3 e6 7. Be3 Qc7 8. g4 h5 9. g5 Ng4 10. 0-0-0 g6 11. Bh3 Nxe3 12. Qxe3 Nc6 13. f4 Bg7 14. f5 Bxd4 15. Rxd4 Nxd4 16. Qxd4 0-0 17. Rd1 Qc5 18. Qxc5 dxc5 19. fxg6 fxg6 20. e5 Rf4 21. Rd8+ Kf7 22. b3 Rd4 23. Rxd4 cxd4 24. Ne4 Ke7 25. Bf1 Bd7 26. a4 Rf8 27. Nf6 Rc8 28. Ne4 Bc6 29. Nf6 Bf3 30. b4 Bg4 31. Bd3 Bf5 32. Ne4 Bxe4 33. Bxe4 b6 34. Kd2 Rc4 35. Bxg6 Rxb4 36. Bxh5 Rxa4 37. Be2 a5 38. g6 Rb4 39. Bh5 Kf8 40. Bg4 Kg7 41. Bxe6 Kxg6 42. h4 Rb5 43. Bb3 Rxe5 44. Kd3 Rh5 45. Kxd4 Rxh4+ 46. Kc3 Kf6 47. Kb2 Ke5 48. Ba2 Kd4 49. Be6 Kc5 50. c3 Rh2+ 51. Ka3 b5 52. Bf7 Rf2 53. Be6 a4 54. Bg8 Rc2 0-1

[Event "St Petersburg Korchnoi Memorial op"]
[Site "St Petersburg"]
[Date "2019.08.22"]
[Round "9"]
[White "Oskin, Iakov"]
[Black "Vozmilov, Lev"]
[Result "0-1"]
[WhiteElo "1507"]
[BlackElo "1681"]
[PlyCount "98"]
[EventDate "2019.08.14"]
[EventType "swiss"]
[EventRounds "9"]
[EventCountry "RUS"]
[SourceTitle "CBM 192"]
[Source "ChessBase"]
[SourceDate "2019.10.31"]
[SourceVersion "1"]
[SourceVersionDate "2019.10.31"]
[SourceQuality "1"]

1. d4 d5 2. Nf3 e6 3. c4 a6 4. a4 Nf6 5. Bg5 Be7 6. Nc3 h6 7. Bh4 0-0 8. e3 Nbd7 9. cxd5 exd5 10. Bd3 c6 11. 0-0 Ne4 12. Bxe7 Qxe7 13. Nd2 f5 14. Qc2 Ndf6 15. Rae1 Be6 16. Rb1 Rae8 17. b4 Bc8 18. b5 axb5 19. axb5 Ng4 20. Bxe4 fxe4 21. h3 Nf6 22. bxc6 bxc6 23. Na4 Ba6 24. Qxc6 Bxf1 25. Rb7 Qe6 26. Qc7 Rf7 27. Qxf7+ Qxf7 28. Rxf7 Kxf7 29. Kxf1 Nd7 30. Nb3 Ra8 31. Nbc5 Nxc5 32. Nxc5 Ra1+ 33. Ke2 Ra2+ 34. Kf1 Ke7 35. g3 Kd6 36. Kg2 Kc6 37. Ne6 g5 38. Nd8+ Kb5 39. Nf7 Ra6 40. Ne5 Kb4 41. h4 gxh4 42. gxh4 Kc3 43. f3 Kd2 44. Kf2 exf3 45. Nxf3+ Kd3 46. Ne5+ Ke4 47. Ng4 h5 48. Ne5 Ra2+ 49. Kg3 Kxe3 0-1

[Event "Eurasia Cup op"]
[Site "Ekaterinburg"]
[Date "2019.08.07"]
[Round "7"]
[White "Vozmilov, Lev"]
[Black "Khrustalev, Artemy"]
[Result "1-0"]
[WhiteElo "1681"]
[BlackElo "1550"]
[PlyCount "57"]
[EventDate "2019.07.31"]
[EventType "swiss"]
[EventRounds "9"]
[EventCountry "RUS"]
[SourceTitle "CBM 191 Extra"]
[Source "ChessBase"]
[SourceDate "2019.09.30"]
[SourceVersion "1"]
[SourceVersionDate "2019.09.30"]
[SourceQuality "1"]

1. e4 e5 2. Nf3 Nf6 3. Nxe5 d6 4. Nf3 Nxe4 5. Nc3 Nxc3 6. dxc3 Be7 7. Bd3 Bg4 8. Be3 Nd7 9. Qd2 Be6 10. Nd4 0-0 11. Nxe6 fxe6 12. 0-0-0 Ne5 13. Be2 c5 14. f4 Ng6 15. h4 d5 16. h5 Nxf4 17. Kb1 Nxe2 18. Qxe2 e5 19. Qd3 d4 20. cxd4 exd4 21. h6 g6 22. c3 Bf6 23. cxd4 cxd4 24. Bxd4 Qxd4 25. Qb3+ Kh8 26. Rxd4 Bxd4 27. Rd1 Rac8 28. Rxd4 Rf1+ 29. Rd1 1-0

[Event "Voronezh op-B 23rd"]
[Site "Voronezh"]
[Date "2019.06.20"]
[Round "9"]
[White "Mezhov, Dmitriy"]
[Black "Vozmilov, Lev"]
[Result "1/2-1/2"]
[WhiteElo "1974"]
[BlackElo "1497"]
[PlyCount "125"]
[EventDate "2019.06.12"]
[EventType "swiss"]
[EventRounds "9"]
[EventCountry "RUS"]
[SourceTitle "EXT 2020"]
[Source "ChessBase"]
[SourceDate "2019.10.17"]
[SourceVersion "1"]
[SourceVersionDate "2019.10.17"]
[SourceQuality "1"]

1. e4 c6 2. d4 d5 3. e5 Bf5 4. g4 Bd7 5. c4 e6 6. Qb3 Qb6 7. c5 Qc7 8. Bd3 b6 9. Be3 bxc5 10. dxc5 a5 11. Nd2 a4 12. Qc3 Qa5 13. Ne2 Qxc3 14. Nxc3 Nh6 15. h3 Be7 16. 0-0 0-0 17. b4 f6 18. f4 fxe5 19. fxe5 Nf7 20. Nf3 a3 21. Rab1 Na6 22. Bxa6 Rxa6 23. Rb3 h6 24. Ne2 Rb8 25. Ned4 Nd8 26. Nc2 Be8 27. Nfd4 Bg6 28. Rf2 Bxc2 29. Rxc2 Kf8 30. Rcc3 Ke8 31. Nc2 Nf7 32. Bd4 Bg5 33. Rxa3 Rba8 34. Rxa6 Rxa6 35. Ra3 Rxa3 36. Nxa3 Bf4 37. Nc2 Bxe5 38. a4 Kd7 39. Kf2 Bxd4+ 40. Nxd4 g6 41. a5 Nd8 42. a6 Kc7 43. b5 cxb5 44. Nxb5+ Kb8 45. Ke3 e5 46. a7+ Ka8 47. Nc7+ Kxa7 48. Nxd5 Kb7 49. Ne7 Nf7 50. h4 g5 51. h5 Kc7 52. Ke4 Kd7 53. Nf5 Kc6 54. Ng3 Kxc5 55. Kf5 e4 56. Kf6 Nd6 57. Kg6 Kd4 58. Kxh6 e3 59. Kxg5 Ne4+ 60. Nxe4 Kxe4 61. h6 e2 62. h7 e1Q 63. h8Q 1/2-1/2

[Event "Voronezh op-B 23rd"]
[Site "Voronezh"]
[Date "2019.06.18"]
[Round "7"]
[White "Stepanischev, Gregory"]
[Black "Vozmilov, Lev"]
[Result "0-1"]
[WhiteElo "1765"]
[BlackElo "1497"]
[PlyCount "114"]
[EventDate "2019.06.12"]
[EventType "swiss"]
[EventRounds "9"]
[EventCountry "RUS"]
[SourceTitle "EXT 2020"]
[Source "ChessBase"]
[SourceDate "2019.10.17"]
[SourceVersion "1"]
[SourceVersionDate "2019.10.17"]
[SourceQuality "1"]

1. d4 Nf6 2. Nf3 b6 3. c4 Bb7 4. Nc3 g6 5. g3 Bg7 6. Bg2 0-0 7. 0-0 Ne4 8. Qc2 Nxc3 9. Qxc3 c5 10. e3 Nc6 11. Rd1 cxd4 12. exd4 Rc8 13. Qe1 Na5 14. b3 d5 15. Ba3 Re8 16. cxd5 Bxd5 17. Rac1 e6 18. Ne5 Bxg2 19. Kxg2 Rxc1 20. Bxc1 Qd5+ 21. Kg1 Rc8 22. Be3 Nc6 23. Rc1 Bxe5 24. dxe5 Qxe5 25. Qd2 Qd5 26. Qb2 Rd8 27. Qf6 Nd4 28. Bxd4 Qxd4 29. Qxd4 Rxd4 30. Rc7 a5 31. Rc6 Rb4 32. Kf1 h5 33. Ke2 a4 34. Rc4 Rxc4 35. bxc4 Kf8 36. Kd3 Ke7 37. Kc3 Kd6 38. Kb4 Kc6 39. Kxa4 Kc5 40. Kb3 e5 41. Kc3 e4 42. a3 g5 43. h3 g4 44. hxg4 hxg4 45. a4 f5 46. Kd2 Kxc4 47. Ke3 Kb4 48. Kf4 Kxa4 49. Kxf5 b5 50. Kxg4 b4 51. Kf4 b3 52. Kxe4 b2 53. f4 b1Q+ 54. Ke5 Qg6 55. f5 Qg4 56. Ke6 Qg7 57. f6 Qf8 0-1

[Event "Voronezh op-B 23rd"]
[Site "Voronezh"]
[Date "2019.06.14"]
[Round "3"]
[White "Shestakova, Ekaterina"]
[Black "Vozmilov, Lev"]
[Result "0-1"]
[WhiteElo "1950"]
[BlackElo "1497"]
[PlyCount "106"]
[EventDate "2019.06.12"]
[EventType "swiss"]
[EventRounds "9"]
[EventCountry "RUS"]
[SourceTitle "EXT 2020"]
[Source "ChessBase"]
[SourceDate "2019.10.17"]
[SourceVersion "1"]
[SourceVersionDate "2019.10.17"]
[SourceQuality "1"]

1. e4 c6 2. d4 d5 3. Nc3 dxe4 4. Nxe4 Bf5 5. Ng3 Bg6 6. h4 h6 7. Nf3 Nd7 8. h5 Bh7 9. Bd3 Bxd3 10. Qxd3 e6 11. Bd2 Ngf6 12. 0-0-0 Be7 13. Ne4 Nxe4 14. Qxe4 Nf6 15. Qe2 Qd5 16. c4 Qe4 17. Qxe4 Nxe4 18. Be3 0-0 19. d5 cxd5 20. cxd5 exd5 21. Rxd5 Rac8+ 22. Kb1 Nf6 23. Rb5 b6 24. Nd4 Ng4 25. Nf5 Bf6 26. Rd1 Rfd8 27. Rbd5 Rxd5 28. Rxd5 Nxe3 29. Nxe3 Rc7 30. a3 Kf8 31. Rd6 Ke7 32. Nf5+ Ke8 33. Rd5 Rd7 34. Rd6 Be5 35. Rc6 Rd2 36. Rc2 Rxc2 37. Kxc2 Kd7 38. b3 Ke6 39. g4 Kf6 40. Kd3 Kg5 41. f3 g6 42. hxg6 fxg6 43. Ne7 Bd6 44. Nc8 Bxa3 45. Nxa7 Kf4 46. Ke2 Kg3 47. Nb5 Bc5 48. Nc3 h5 49. Ne4+ Kf4 50. gxh5 gxh5 51. Nd2 h4 52. Nf1 h3 53. Nh2 Bg1 0-1

[Event "Voronezh op-B 23rd"]
[Site "Voronezh"]
[Date "2019.06.13"]
[Round "2"]
[White "Vozmilov, Lev"]
[Black "Chuklin, Ivan"]
[Result "1-0"]
[WhiteElo "1497"]
[BlackElo "1978"]
[PlyCount "121"]
[EventDate "2019.06.12"]
[EventType "swiss"]
[EventRounds "9"]
[EventCountry "RUS"]
[SourceTitle "EXT 2020"]
[Source "ChessBase"]
[SourceDate "2019.10.17"]
[SourceVersion "1"]
[SourceVersionDate "2019.10.17"]
[SourceQuality "1"]

1. e4 c5 2. Nf3 d6 3. Bb5+ Nd7 4. 0-0 a6 5. Bd3 b5 6. c3 Bb7 7. Bc2 Ngf6 8. Re1 g6 9. d4 Bg7 10. e5 dxe5 11. dxe5 Nd5 12. e6 fxe6 13. Ng5 Nf8 14. Qe2 Qd7 15. a4 Qc6 16. axb5 axb5 17. Rxa8+ Bxa8 18. Qf3 Bf6 19. c4 bxc4 20. Qa3 Nc3 21. Ne4 Nb5 22. Qa5 Kf7 23. Ba4 Nd7 24. Qxb5 Qxb5 25. Bxb5 Ne5 26. Nxf6 exf6 27. Nc3 Bd5 28. Nb1 g5 29. Na3 Ra8 30. h3 h5 31. Be3 Nd3 32. Rb1 Nxb2 33. Rxb2 Rxa3 34. Rc2 c3 35. Be2 Be4 36. Bxh5+ Kg7 37. Rc1 c2 38. Bxc5 Rb3 39. Be2 Rb2 40. Be3 Bg6 41. Kf1 Rb3 42. Bc4 Rc3 43. Bxe6 Be4 44. g3 Bf3 45. Bf5 Bd1 46. Ke1 Rc6 47. Kd2 Rd6+ 48. Kc3 Bh5 49. Rxc2 Bf7 50. Rb2 Rc6+ 51. Kd2 Rd6+ 52. Ke2 Bc4+ 53. Kf3 Bd5+ 54. Be4 Bxe4+ 55. Kxe4 Kg6 56. Rb6 Rd8 57. Bd4 Re8+ 58. Kd3 Kh5 59. Rxf6 g4 60. Rf5+ Kg6 61. hxg4 1-0

[Event "St Petersburg Korchnoi Memorial op"]
[Site "St Petersburg"]
[Date "2018.08.20"]
[Round "6"]
[White "Vozmilov, Lev"]
[Black "Byelopolskiy, V."]
[Result "0-1"]
[WhiteElo "1375"]
[BlackElo "2421"]
[PlyCount "66"]
[EventDate "2018.08.15"]
[EventType "swiss"]
[EventRounds "9"]
[EventCountry "RUS"]
[SourceTitle "CBM 186 Extra"]
[Source "ChessBase"]
[SourceDate "2018.08.24"]
[SourceVersion "1"]
[SourceVersionDate "2018.08.24"]
[SourceQuality "1"]

1. e4 c5 2. c3 d5 3. exd5 Qxd5 4. d4 e5 5. dxe5 Qxd1+ 6. Kxd1 Nc6 7. Bb5 Bg4+ 8. f3 0-0-0+ 9. Kc2 Bf5+ 10. Kb3 c4+ 11. Ka4 Nge7 12. Ne2 Nd5 13. Bxc6 bxc6 14. b4 cxb3 15. Kxb3 Kc7 16. Na3 Bd3 17. Nb5+ cxb5 18. Nf4 Nxf4 19. Bxf4 Bc4+ 20. Kc2 Be6 21. a4 b4 22. cxb4 Bxb4 23. Rab1 a5 24. Rbc1 Kb7 25. g4 Rd4 26. Be3 Rc8+ 27. Kb2 Rxc1 28. Bxc1 Rd3 29. Rf1 Bc4 30. Rf2 Bc5 31. Rc2 Bd4+ 32. Kb1 Rb3+ 33. Bb2 Bd3 0-1

[Event "St Petersburg Korchnoi Memorial op"]
[Site "St Petersburg"]
[Date "2018.08.16"]
[Round "2"]
[White "Vozmilov, Lev"]
[Black "Vunder, Andrei"]
[Result "0-1"]
[WhiteElo "1375"]
[BlackElo "2101"]
[PlyCount "110"]
[EventDate "2018.08.15"]
[EventType "swiss"]
[EventRounds "9"]
[EventCountry "RUS"]
[SourceTitle "CBM 186 Extra"]
[Source "ChessBase"]
[SourceDate "2018.08.24"]
[SourceVersion "1"]
[SourceVersionDate "2018.08.24"]
[SourceQuality "1"]

1. e4 c6 2. d4 d5 3. Nc3 dxe4 4. Nxe4 Bf5 5. Ng3 Bg6 6. h4 h6 7. Nf3 Nd7 8. h5 Bh7 9. Bd3 Bxd3 10. Qxd3 e6 11. Bf4 Qa5+ 12. Bd2 Qc7 13. 0-0-0 Ngf6 14. Ne4 0-0-0 15. g3 Be7 16. Kb1 c5 17. Bf4 Qc6 18. Nxf6 Bxf6 19. d5 exd5 20. Qxd5 Ne5 21. Qxc6+ Nxc6 22. c3 Rhe8 23. Rxd8+ Bxd8 24. Re1 Rxe1+ 25. Nxe1 Bc7 26. Bxc7 Kxc7 27. Kc2 Kd6 28. f4 Ne7 29. Kd3 Nd5 30. Nf3 Nf6 31. Ne5 Nxh5 32. Nxf7+ Ke7 33. Ne5 Nxg3 34. Kc4 Ne2 35. Nd3 h5 36. Kxc5 Ke6 37. c4 h4 38. f5+ Kxf5 39. Kd6 Nf4 40. Nf2 Ne6 41. b4 g5 42. c5 g4 43. Nxg4 Kxg4 44. Kxe6 h3 45. b5 h2 46. c6 bxc6 47. bxc6 h1Q 48. Kd7 Qd5+ 49. Kc7 Kf5 50. a4 Ke6 51. Kb7 Kd6 52. Kxa7 Qxc6 53. a5 Kc7 54. a6 Qb6+ 55. Ka8 Qb8# 0-1